000 00490nam a2200181Ia 4500
008 180207s9999 xx 000 0 und d
020 _a9780811834858
050 _bC122 2002
100 _aCader, Lisa Lebowitz
245 _aWhen I wear my tiara /
245 _cby Lisa Lebowitz Cader ; illustrated by Laura Huliska-Beith.
260 _aSan Francisco :
260 _bChronicle Books,
260 _c2002
300 _aunpaged :
300 _bcolor illustration ;
300 _c13cm.
999 _c355759
_d355759